[Event "Brantford McMahon op"]
[Site "Brantford"]
[Date "2010.02.04"]
[Round "3"]
[White "Ensor, Tyler"]
[Black "Mills, Matthew"]
[Result "0-1"]
[WhiteElo "1428"]
[BlackElo "1355"]
[PlyCount "92"]
[EventDate "2010.01.21"]
[EventType "swiss"]
[EventRounds "5"]
[EventCountry "CAN"]
[SourceTitle "EXT 2011"]
[Source "ChessBase"]
[SourceDate "2010.11.26"]
[SourceVersion "1"]
[SourceVersionDate "2010.11.26"]
[SourceQuality "1"]

1. d4 d5 2. c4 e6 3. Nc3 Nf6 4. Bg5 dxc4 5. e3 c5 6. Nf3 Qb6 7. Qc2 cxd4 8. Nxd4 Nd5 9. Bxc4 Nxc3 10. bxc3 Qc5 11. Bb5+ Bd7 12. Bxd7+ Nxd7 13. Bh4 Rc8 14. Rc1 Nb6 15. 0-0 Qc4 16. Qb3 e5 17. Nf3 f6 18. Rfd1 Rc7 19. Bg3 Na4 20. Rc2 Qxb3 21. axb3 Rxc3 22. Rxc3 Nxc3 23. Ra1 Ne2+ 24. Kf1 Nxg3+ 25. hxg3 a6 26. Rd1 Bb4 27. Ke2 Ke7 28. Nh4 g6 29. Nf3 Rc8 30. Ne1 Bxe1 31. Kxe1 Rc2 32. Rd5 Rc3 33. b4 Rb3 34. b5 Rxb5 35. Rxb5 axb5 36. Kd2 Kd6 37. Kc2 Kc5 38. Kb3 Kd5 39. Kc3 Kc5 40. Kb3 b4 41. g4 h5 42. gxh5 gxh5 43. g3 f5 44. f3 e4 45. f4 b6 46. Kb2 Kc4 0-1